|
|
|
|
| LEADER |
00000naa2a2200000 4500 |
| 001 |
194761 |
| 005 |
20231218161004.0 |
| 035 |
|
|
|a (RuTPU)RU\TPU\book\212437
|
| 090 |
|
|
|a 194761
|
| 100 |
|
|
|a 20110422d2009 k y0rusy50 ca
|
| 101 |
0 |
|
|a rus
|
| 102 |
|
|
|a RU
|
| 200 |
1 |
|
|a Особенности формирования структуры многокомпонентных аустенитно-мартенситных покрытий, полученных электронно-лучевой наплавкой
|f Е. Л. Орехова, Е. А. Иванова
|
| 320 |
|
|
|a Библиогр.: 1 назв.
|
| 463 |
|
0 |
|0 (RuTPU)RU\TPU\book\72093
|t Новые материалы. Создание, структура, свойства-2009
|o всероссийская конференция с элементами научной школы для молодежи, Томск, 8-11 сентября 2009 г.
|o труды
|f Томский политехнический университет (ТПУ)
|v С. 121-126
|d 2009
|p 308 с.
|
| 610 |
1 |
|
|a покрытия
|
| 610 |
1 |
|
|a наплавка
|
| 610 |
1 |
|
|a композиционные покрытия
|
| 610 |
1 |
|
|a электронно-лучевая наплавка
|
| 610 |
1 |
|
|a азотистые покрытия
|
| 610 |
1 |
|
|a азотированный феррованадий
|
| 610 |
1 |
|
|a аустенитно-мартенситная матрица
|
| 610 |
1 |
|
|a структура
|
| 610 |
1 |
|
|a труды учёных ТПУ
|
| 700 |
|
1 |
|a Орехова
|b Е. Л.
|
| 701 |
|
1 |
|a Иванова
|b Е. А.
|c специалист в области материаловедения
|c доцент Томского политехнического университета, кандидат технических наук
|f 1982-
|g Елена Анатольевна
|3 (RuTPU)RU\TPU\pers\33037
|9 16871
|
| 801 |
|
1 |
|a RU
|b 63413507
|c 20110422
|
| 801 |
|
2 |
|a RU
|b 63413507
|c 20141121
|g RCR
|
| 942 |
|
|
|c BK
|